| 000 | 00822nam a2200229 a 4500 | ||
|---|---|---|---|
| 001 | 72065 | ||
| 003 | BD-RjUL | ||
| 005 | 20211209082216.0 | ||
| 008 | 170513s1967 gw a 001 0 ger | ||
| 035 | _a(BD-RjUL)72281 | ||
| 040 |
_aDLC _cCarP _dDLC _dBD-RjUL _beng |
||
| 041 | _aeng | ||
| 082 |
_223 _a531 _bHAT 1967 |
||
| 100 | 1 |
_aHamel, Georg, _d1877-1954. _9213133 |
|
| 245 | 1 | 0 |
_aTheoretische Mechanik : _beine einheitliche Einführung in die gesamte Mechanik / _cGeorg Hamel. |
| 260 |
_aBerlin ; _aHeidelberg ; _aNew York : _bSpringer, _c1967. |
||
| 300 |
_axv, 796 p. : _bill. ; _c24 cm. |
||
| 490 |
_aGrundlehren der mathematischen Wissenschaften, _v57 |
||
| 650 | 0 |
_aMechanics, Analytic. _9143925 |
|
| 830 | 0 |
_aGrundlehren der mathematischen Wissenschaften in Einzeldarstellungen, Bd. _v57. _9212350 |
|
| 942 |
_2ddc _cBK |
||
| 999 |
_c72065 _d72065 |
||